000
00276nam a2200109Ia 4500
008
220204s9999 xx 000 0 und d
082
_a
547.57
_b
WAR
100
_a
Warren, Stuart
245
0
_a
Chemistry of the carbonyle group
260
_a
London
_b
John Wiley
_c
1974
942
_c
BK
999
_c
23631
_d
23631